Sports by Largest Stadium - Statistics

General Stats
  • This quiz has been taken 103 times
  • The average score is 6 of 15
Answer Stats
Stadium Capacity Sport % Correct
Camp Nou 99,354 Soccer
92%
Dodger Stadium 56,000 Baseball
70%
Michigan Stadium 107,601 American Football
60%
Carrier Dome 35,454 Basketball
47%
Arthur Ashe Stadium 23,771 Tennis
44%
Tokyo Racecourse 223,000 Horse Racing
40%
Bell Centre 21,273 Ice Hockey
38%
ANZ Stadium 83,500 Rugby
36%
National Hockey Stadium, Lahore 45,000 Field Hockey
35%
Indianapolis Motor Speedway 257,325 Auto Racing
28%
Motera Stadium 110,000 Cricket
24%
Melbourne Cricket Ground 100,024 Australian Rules Football
20%
Croke Park 82,300 Gaelic Football
17%
Croke Park 82,300 Hurling
15%
Commonwealth Stadium 56,302 Canadian Football
10%
No matching quizzes found
Score Distribution
Percent of People with Each Score
Percentile by Number Answered
Your Score History
You have not taken this quiz